000 00544nam a22001577a 4500
003 OSt
005 20150914143853.0
008 150914b xxu||||| |||| 00| 0 eng d
040 _cRUA
082 _aAGR CHH 1999 B021 Or.1
100 _9458
_aCHHUN, RITHY.
245 _aRubber plantation management in krek company ការងារថែទាំដំណាំកៅស៊ូនៅក្រុមហ៊ុនចំការកៅស៊ូក្រែក
260 _aPhnom Penh
_bRUA
_c1999
300 _a56p.
_bill.
_c29cm.
942 _2ddc
_cAGR
999 _c438
_d438